Lecciones preliminares de filosofía
Furkejuvvon:
| Váldodahkki: | |
|---|---|
| Materiálatiipa: | Girji |
| Giella: | espánnjágiella |
| Almmustuhtton: |
Ciudad de México
Mexicanos Unidos
1980
|
| Preanttus: | 4a. ed |
| Ráidu: | Colección Ciencias Sociales
|
| Fáttát: | |
| Fáddágilkorat: |
Lasit fáddágilkoriid
Eai fáddágilkorat, Lasit vuosttaš fáddágilkora!
|
MARC
| LEADER | 00000nam a2200000 a 4500 | ||
|---|---|---|---|
| 001 | UCL0382 | ||
| 003 | CL-VaPUC | ||
| 005 | 20241127085256.0 | ||
| 008 | 030711e19800000MX |||||||||||||||||spa|d | ||
| 999 | |c 304255 |d 304253 | ||
| 040 | |c Pontificia Universidad Católica de Valparaíso | ||
| 082 | 0 | 4 | |a 100 |b GAR |2 21 |
| 100 | |a García Morente, Manuel |e autor |9 347175 | ||
| 245 | 1 | 0 | |a Lecciones preliminares de filosofía |
| 250 | |a 4a. ed | ||
| 260 | |a Ciudad de México |b Mexicanos Unidos |c 1980 | ||
| 300 | |a 320 p | ||
| 490 | 0 | |a Colección Ciencias Sociales | |
| 583 | |a last modification |c 20030711 00:00:00 |k Rodrigo Vera | ||
| 600 | 0 | |a Parménides |d ca. 515 A.C.-ca. 470 A.C. |9 870085 | |
| 600 | 0 | 7 | |a ZENON |2 CL-VaPUC |9 477060 |
| 600 | 0 | |a HERACLITO |9 848988 | |
| 600 | 0 | 7 | |a PLATON |2 CL-VaPUC |9 222 |
| 600 | 0 | |a Sócrates |9 266368 | |
| 600 | 0 | |a Aristóteles, |d 384 a.C.- 322 a.C. |9 194 | |
| 600 | 0 | |a Descartes, René |e autor |9 265906 | |
| 600 | 0 | |a Locke, John |d 1632-1704 |9 860808 | |
| 600 | 0 | 7 | |a BERKELEY, JOHN |2 CL-VaPUC |9 477062 |
| 600 | 0 | |a Hume, David |d 1711-1776 |9 319329 | |
| 600 | 0 | |a Kant, Immanuel, |d 1724-1804 |9 858687 | |
| 600 | 0 | |a Leibniz, Gottfried Wilhelm |d 1646-1716 |9 860284 | |
| 650 | 0 | |a Filosofía |9 223554 | |
| 650 | 0 | |a Ontología |9 256850 | |
| 650 | 0 | |a Metafísica |9 265649 | |
| 650 | 0 | |a Idealismo |9 265685 | |
| 650 | 0 | |a Epistemología |9 264994 | |
| 650 | 0 | |a Empirismo |9 255037 | |
| 650 | 0 | |a Racionalismo |9 259116 | |
| 650 | 0 | |a Estética |9 264950 | |
| 942 | |c BK |2 ddc | ||
| 945 | |d 20030711 00:00:00 |a cmena | ||
| 952 | |0 0 |1 0 |4 0 |6 100_000000000000000_GAR_1980 |7 0 |8 A |9 366218 |a BIBDER |b BIBDER |d 2019-11-21 |i 391920K |l 1 |o 100 GAR 1980 |p 391920K |r 2023-01-25 |s 2022-03-21 |w 2019-11-21 |y BK |k DER | ||